Religion Quiz

Random Religion or Numbers Quiz

Seven Deadly Sins Quiz Stats

 Plays Quiz Updated Feb 15, 2017

Support Sporcle.
Go Orange.
Score 0/7 Timer 01:00
0 Plays Today
# Deadly Sin % Correct
ThreeGreed
82.1%
OneLust
80.3%
TwoGluttony
76.8%
SixEnvy
75.4%
FourSloth
74.4%
FiveWrath
63.1%
SevenPride
62%

From the Vault

Beginning Video Game Titles

by MovieGuru

Gaming 6m
In the beginning, there was Pong.
Remove Ads.
Support Sporcle.
Get the best of Sporcle when you Go Orange. This ad-free experience offers more features, more stats, and more fun while also helping to support Sporcle. Thank you for becoming a member.

Show Comments

Extras

Top Quizzes Today


Score Distribution

Your Account Isn't Verified!

In order to create a playlist on Sporcle, you need to verify the email address you used during registration. Go to your Sporcle Settings to finish the process.

Report this User

Report this user for behavior that violates our Community Guidelines.

Details: